Formalismo educacional en los países en desarrollo : (Record no. 25107)

MARC details
000 -CABECERA
campo de control de longitud fija 00766nam a2200229 a 4500
005 - FECHA Y HORA DE LA ÚLTIMA TRANSACCIÓN
campo de control 20240920063831.0
008 - ELEMENTOS DE LONGITUD FIJA--INFORMACIÓN GENERAL
campo de control de longitud fija 991125s1974 was 000 0 spa u
035 ## - NÚMERO DE CONTROL DEL SISTEMA
Número de control de sistema UPN01000025107
049 ## - COLECCIÓN
Colección CG
050 #4 - SIGNATURA TOPOGRÁFICA DE LA BIBLIOTECA DEL CONGRESO
Número de clasificación LA556
Número de documento/Ítem S2.4
100 1# - ASIENTO PRINCIPAL--NOMBRE PERSONAL
Nombre de persona Sander, Benno
9 (RLIN) 29947
245 10 - MENCIÓN DE TÍTULO
Título Formalismo educacional en los países en desarrollo :
Resto del título el caso brasileño /
Mención de responsabilidad, etc. Benno Sander, David K. Kline, Russell G. Davis.
260 ## - PUBLICACIÓN, DISTRIBUCIÓN, ETC.
Lugar de publicación, distribución, etc. Washington :
Nombre del editor, distribuidor, etc. OEA,
Fecha de publicación, distribución, etc. 1974.
300 ## - DESCRIPCIÓN FÍSICA
Extensión xii, 147 p.
440 #0 - MENCIÓN DE SERIE/ASIENTO SECUNDARIO--TÍTULO
Título Biblioteca educativa.
Nombre de parte o sección de la obra Monografía ;
Designación de volumen o secuencia 1
500 ## - NOTA GENERAL
Nota general "Programa Regional de Desarrollo Educativo"
650 #4 - ASIENTO SECUNDARIO DE MATERIA - TERMINO TEMATICO
Término de materia o nombre geográfico como elemento de entrada Educación
Subdivisión geográfica Brasil
9 (RLIN) 9697
650 #2 - ASIENTO SECUNDARIO DE MATERIA - TERMINO TEMATICO
Término de materia o nombre geográfico como elemento de entrada Educación formal
9 (RLIN) 9094
700 1# - ASIENTO SECUNDARIO--NOMBRE DE PERSONAL
Nombre de persona Kline, David K.,
Término indicativo de función/relación coaut.
700 1# - ASIENTO SECUNDARIO--NOMBRE DE PERSONAL
Nombre de persona Davis, Russell G.,
Término indicativo de función/relación coaut.
905 ## - TIPO DE MATERIAL
Tipo de material Libro
Holdings
Estado de retiro Estado de pérdida Fuente del sistema de clasificación o colocación Estado dañado No para préstamo Código de colección Localización permanente Ubicación/localización actual Ubicación en estantería Total de préstamos Clasificación Código de barras Fecha visto por última vez Número de copia Tipo de ítem Koha
    Library of Congress Classification     Colección General Bib. Gregorio Torres Quintero Bib. Gregorio Torres Quintero Planta baja 4 LA556 S2.4 10126 31/12/2020 1 Libro